000 01049nam a22003251i 4500
001 016912315
003 NUST
005 20231010120149.0
008 141008s2014 ne a 000|0|eng|d
020 _a9780444626165 (hardcover)
_c£110.00
020 _z9780444626103 (PDF ebook) :
024 _cUSD 137
040 _aNUST
_beng
_cNUST
_dNUST
_erda
050 _aTJ808
_bMOS
100 _eEditor
_qPatrick T. Moseley
245 0 0 _aElectrochemical energy storage for renewable sources and grid balancing /
_cedited by Patrick T. Moseley
260 _aAmsterdam:
_bElsevier,
_c2015.
300 _axvii, 473 pages:
_billustrations;
_c28 cm.
336 _atext
_2rdacontent
336 _atext
_2rdacontent
_btxt
337 _aunmediated
_2rdamedia
_bn
338 _avolume
_2rdamedia
_bnc
504 _aIncludes Index.
650 0 _aEnergy storage.
650 0 _aStorage batteries.
650 0 _aRenewable energy sources.
700 1 _aMoseley, Patrick T.,
_eeditor.
700 1 _aGarche, Jürgen,
_eeditor.
942 _2lcc
_cBOOKS
_n0
_kTJ
_mMOS
999 _c170486
_d170486